Zdanenie tantiém, autorských odmien a ročných odmien
Spôsob zdanenia tantiém a iných odmien členov štatutárnych orgánov a iných orgánov právnických osôb a ročných odmien (hlavne vedúcich zamestnancov) rôznych inštitúcií. Zdanenie tantiém. Vlastný zamestnanec. Cudzí zamestnanec. Autorské honoráre. Zdanenie ročných odmien.
Na minha lista:
| Autor principal: | |
|---|---|
| Formato: | Capítulo de Livro |
| Idioma: | eslovaco |
| Assuntos: | |
| Tags: |
Sem tags, seja o primeiro a adicionar uma tag!
|
MARC
| LEADER | 00000naa a2200000 4500 | ||
|---|---|---|---|
| 001 | r046156 | ||
| 005 | 20231002090556.9 | ||
| 041 | 0 | |a slo | |
| 044 | |a SK | ||
| 245 | 1 | 0 | |a Zdanenie tantiém, autorských odmien a ročných odmien |c Dagmar Piršelová |
| 520 | |a Spôsob zdanenia tantiém a iných odmien členov štatutárnych orgánov a iných orgánov právnických osôb a ročných odmien (hlavne vedúcich zamestnancov) rôznych inštitúcií. Zdanenie tantiém. Vlastný zamestnanec. Cudzí zamestnanec. Autorské honoráre. Zdanenie ročných odmien. | ||
| 610 | 2 | 0 | |a tantiémy |
| 610 | 2 | 0 | |a honoráre |
| 610 | 2 | 0 | |a odmeny |
| 610 | 2 | 0 | |a zamestnanci |
| 610 | 2 | 0 | |a zdaňovanie |
| 100 | 1 | |a Piršelová, Dagmar | |